HB OF ORTHOPAEDICS (Record no. 1056)

MARC details
000 -LEADER
fixed length control field 00321nam a2200133Ia 4500
008 - FIXED-LENGTH DATA ELEMENTS--GENERAL INFORMATION
fixed length control field 150201s2006 xx 000 0 und d
082 ## - DEWEY DECIMAL CLASSIFICATION NUMBER
Classification number 617.3
Item number H06G
100 ## - MAIN ENTRY--PERSONAL NAME
Personal name GOPALAN U, HITESH
245 ## - TITLE STATEMENT
Title HB OF ORTHOPAEDICS
250 ## - EDITION STATEMENT
Edition statement 1ST
260 ## - PUBLICATION, DISTRIBUTION, ETC. (IMPRINT)
Name of publisher, distributor, etc. JAYPEE BROTHERS
Place of publication, distribution, etc. DELHI
Date of publication, distribution, etc. 2006
650 ## - SUBJECT ADDED ENTRY--TOPICAL TERM
Topical term or geographic name as entry element ORTHOPAEDICS
942 ## - ADDED ENTRY ELEMENTS (KOHA)
Source of classification or shelving scheme Dewey Decimal Classification
Koha item type Books
Holdings
Withdrawn status Lost status Source of classification or shelving scheme Damaged status Not for loan Collection code Home library Current library Shelving location Date acquired Source of acquisition Cost, normal purchase price SGTU Bill Number Total Checkouts Full call number Barcode Date last seen Bill Date Koha item type Date last checked out
    Dewey Decimal Classification     MEDICAL SGT Medical Library SGT Medical Library Text Book 08/03/2010 JAYPEE 195.00 SGTU 7892   617.3 H06G FM4076 09/02/2015 08/03/2010 Books  
    Dewey Decimal Classification     MEDICAL SGT Medical Library SGT Medical Library Text Book 08/03/2010 JAYPEE 195.00 SGTU 7892 3 617.3 H06G FM4077 24/04/2026 08/03/2010 Books 24/04/2026